Pity of it All: A Portrait of Jews in Germany 1743-1933 (Record no. 220471)

MARC details
000 -LEADER
fixed length control field 01136nam a22002417a 4500
005 - DATE AND TIME OF LATEST TRANSACTION
control field 20211109142641.0
008 - FIXED-LENGTH DATA ELEMENTS--GENERAL INFORMATION
fixed length control field 211109b ||||| |||| 00| 0 eng d
020 ## - INTERNATIONAL STANDARD BOOK NUMBER
International Standard Book Number 0713993413
040 ## - CATALOGING SOURCE
Transcribing agency AL
041 ## - LANGUAGE CODE
Language code of text/sound track or separate title eng
082 ## - DEWEY DECIMAL CLASSIFICATION NUMBER
Edition number 23
Classification number 943.004
Item number ELOP
100 ## - MAIN ENTRY--PERSONAL NAME
Personal name Amos Elon
9 (RLIN) 10073
245 ## - TITLE STATEMENT
Title Pity of it All: A Portrait of Jews in Germany 1743-1933
260 ## - PUBLICATION, DISTRIBUTION, ETC.
Place of publication, distribution, etc. London
Name of publisher, distributor, etc. Penguin Books
Date of publication, distribution, etc. 2002
300 ## - PHYSICAL DESCRIPTION
Extent x,446 p.
Other physical details HB
Dimensions 24x15 cm.
365 ## - TRADE PRICE
Price amount 25.00
Currency code £
Unit of pricing 25.00
520 ## - SUMMARY, ETC.
Summary, etc. In this important work of historical restoration, Amos Elon shows how a persecuted clan of cattle dealers and wandering peddlers was transformed into a stunningly successful community of writers, philosophers, scientists, tycoons, and activists. In engaging, brilliantly etched portraits of Moses Mendelssohn, Heinrich Heine, Karl Marx, Hannah Arendt, and many others, Elon traces how a small minority came to be perceived as a deadly threat<br/>to German national integrity.<br/><br/>
650 ## - SUBJECT ADDED ENTRY--TOPICAL TERM
Topical term or geographic name entry element History of Germany
9 (RLIN) 10074
650 ## - SUBJECT ADDED ENTRY--TOPICAL TERM
Topical term or geographic name entry element Jews
9 (RLIN) 10075
650 ## - SUBJECT ADDED ENTRY--TOPICAL TERM
Topical term or geographic name entry element Civilization Jewish Influence
9 (RLIN) 10076
700 ## - ADDED ENTRY--PERSONAL NAME
Personal name ELON (Amos)
9 (RLIN) 10077
942 ## - ADDED ENTRY ELEMENTS (KOHA)
Source of classification or shelving scheme Dewey Decimal Classification
Koha item type George Fernandes Collections
Holdings
Withdrawn status Lost status Source of classification or shelving scheme Damaged status Not for loan Collection code Home library Current library Date acquired Total Checkouts Full call number Barcode Date last seen Price effective from Koha item type
    Dewey Decimal Classification     History St Aloysius Library St Aloysius Library 03/24/2013   943.004 ELOP GF03503 11/09/2021 11/09/2021 George Fernandes Collections